000 00731na a2200241 4500
001 15306
003 MIRAKIL
005 20181213154834.0
008 160907b tu 000 0
035 _a15306
040 _aMilas
_btur
_cTR-AnCHP
082 _a327.56104
_bD35y 1996
090 _a327.56104 D35y 1996
100 _aDemirer, Temel
245 _a"YDD", Avrupa Birliği ve Türkiye
_cTemel Demirer, Koray İ.Serpen
260 _aAnkara
_bDev.Maden- Sen Yayınları
_c1996
300 _a64 s.
_c20 sm.
490 _aİşletme İşçileri Sendikası Yayınları
_v1
650 _aEkonomi
651 _aTürkiye
_xUluslararası ekonomik ilişkiler
_yAvrupa Birliği
700 _aSerpen, Koray İ.
942 _2ddc
_cBKS
999 _c1766
_d1766